Normal view
MARC view
- Bravo-Semilla, Stephanie
Entry Personal Name
001 - CONTROL NUMBER
- control field: 131900
003 - CONTROL NUMBER IDENTIFIER
- control field: OSt
005 - DATE AND TIME OF LATEST TRANSACTION
- control field: 20260519140219.0
008 - FIXED-LENGTH DATA ELEMENTS
- fixed length control field: 260519|| aca||aabn | a|a d
040 ## - CATALOGING SOURCE
- Original cataloging agency: OSt
- Transcribing agency: OSt
100 ## - HEADING--PERSONAL NAME
- Personal name: Bravo-Semilla, Stephanie
670 ## - SOURCE DATA FOUND
- Source citation: Work cat.: (OSt)1558: Zarate, Ernesto R. 1554, The malictionary pronouncing dictionary :, c2012.









